000 00773nam a22002297a 4500
999 _c6448
_d6448
003 AR-CdUCM
008 190315b ||||| |||| 00| 0 spa d
020 _a978-1-4031-4701-1
040 _aMUNICIPALIDAD PROVINCIAL DEL CUSCO
_cBIBLIOTECA MUNICIPAL DEL CUSCO
041 _heng
082 _a080 /
_bH85
100 _aHubbard, Ronal L.
_918228
245 _aDianética La ciencia moderna de la salud mental /
260 _aCalifornia :
_bBridge publications,
_c2007.
300 _a679 paginas ;
_bIlustraciones,
_c24.5 cm.
505 _aLa meta del hombre -- El ámbito de dianética -- Las cuatro dinámicas ...
650 _aconsciencia
_918280
650 _aMentalidad humana
_918284
650 _aIntegridad personal
_918287
942 _2ddc
_cLIBROS
945 _aacv